000 01062nam a2200265 c 4500
999 _c435357
_d435357
003 BLK
005 20250312152753.0
008 180409b bul|||||r ||||||| ||bul||
010 _aKNG00145944000
020 _a9786191865833
040 _aBLK
041 _aBUL
_cBUL
072 7 _2bullib
_aН8400
_xБългарска поезия Н
080 _aБългарска литература
_b821.163.2
_x-1
_z821.163.2-1
100 1 _aЛевчев, Владимир Любомиров
_d1957-
_gПоет, писател, изкуствовед. Преводач от английски и руски език
_988159
139 _aЛевчев, Владимир Любомиров
_bЛ 36
245 1 0 _aПисмо в небето
_bСтихотворения
_cВладимир Левчев;
257 _aBGR
260 _bЖанет 45
_c2020
_aПловдив
300 _a48 с.
_bс ил.
_c20 см
380 _aX
852 _bП
_c821.163.2-1/Л 36 В
942 _cKNG
_n0
_s1
_02
944 _aCR
_c2021-11-02
_k30560
_lГеновева Генчева